000 00337 a2200109 4500
001 ART_18899
005 20260410161704.0
008 260409a
245 1 0 _aExportaciones a Tierra del Fuego.Un primer paso hacia la legalidad.
100 1 _aOklander, Juan
773 0 _tRevista Impuestos
_g- NÂș 5 (abr. 2010)
_wREV639
999 _c15439
_d15439